000
00302nam a2200121Ia 4500
008
190216s9999||||xx |||||||||||||| ||und||
100
_a
Narendra Singh Patel
245
0
_a
Hindi-Computer Adhyan Parichaya
260
_b
"Ambika Publications,New Delhi"
300
_a
135
650
_a
Hindi
942
_c
BK
999
_c
16448
_d
16448